000 00663nam a2200229 a 4500
001 50268
003 BD-RjUL
005 20211209075501.0
008 160824s1978 bg b f000 0 eng
035 _a(BD-RjUL)50388
040 _aDLC
_cDLC
_dDLC
_beng
041 _aeng
082 0 0 _223
_a352.0073
_bALD 1978
100 1 _aAli, Quazi Azher.
_9150660
245 1 0 _aDistrict administration in Bangladesh /
_cQazi Azher Ali.
250 _a1st ed.
260 _aDacca :
_bNational Institute of Public Administration,
_c1978.
300 _a75 p. ;
_c25 cm.
504 _aBibliography: p. 75.
650 0 _aLocal government
_zBangladesh.
_9117443
942 _2ddc
_cBK
999 _c50268
_d50268